000
00243nam a2200109Ia 4500
008
240625s9999 xx 000 0 und d
041
_a
eng
082
_a
650.14 CHA
100
_a
CHAUHAN GAJENDRA SINGH
245
_a
SOFT SKILLS
260
_c
2016
999
_c
35210
_d
35210